La invencion de la comunicación
Saved in:
| Hovedforfatter: | |
|---|---|
| Format: | Bog |
| Sprog: | spansk |
| Udgivet: |
Ciudad de México
Siglo Veintiuno
1995
|
| Fag: | |
| Tags: |
Tilføj Tag
Ingen Tags, Vær først til at tagge denne postø!
|
MARC
| LEADER | 00000nam a2200000 a 4500 | ||
|---|---|---|---|
| 001 | UCT7475 | ||
| 003 | CL-VaPUC | ||
| 008 | 970123e19950000MX |||||||||||||||||spa|d | ||
| 082 | 0 | 4 | |a 302.23 |b MAT |2 21 |
| 100 | |a Mattelart, Armand |e autor |9 600350 | ||
| 245 | 1 | 3 | |a La invencion de la comunicación |
| 300 | |a 386 p | ||
| 942 | |c BK | ||
| 945 | |d 19970123 00:00:00 |a rbrito | ||
| 260 | |a Ciudad de México |b Siglo Veintiuno |c 1995 | ||
| 650 | 7 | |a COMUNICACION DE MASAS |2 CL-VaPUC |9 334823 | |
| 650 | 0 | |a Medios de comunicación de masas |9 257273 | |
| 650 | 0 | |a Lingüística |9 265068 | |
| 650 | 0 | |a Positivismo |9 269460 | |
| 650 | 0 | |a Marketing |9 259324 | |
| 583 | |a last modification |c 19970123 00:00:00 |k Rodrigo Vera | ||
| 999 | |c 256096 |d 256094 | ||
| 952 | |0 0 |1 0 |4 0 |6 302_230000000000000_MAT_1995 |7 0 |8 A |9 278641 |a BIBEDU |b BIBEDU |d 2019-11-19 |i 3284042 |o 302.23 MAT 1995 |p 3284042 |r 2019-11-19 |w 2019-11-19 |y BK |k LIT | ||